|
|
|
|
| LEADER |
00000nam0a2200000 4500 |
| 001 |
86767 |
| 005 |
20231101213512.0 |
| 035 |
|
|
|a (RuTPU)RU\TPU\book\93167
|
| 090 |
|
|
|a 86767
|
| 100 |
|
|
|a 20051129d1981 k y0rusy50 ca
|
| 101 |
0 |
|
|a rus
|
| 102 |
|
|
|a UA
|
| 105 |
|
|
|a a g 001zy
|
| 200 |
1 |
|
|a Алмазы
|e справочник
|f Д. Н. Федосеев [и др.]
|g Академия наук Украинской ССР; Институт сверхтвердых материалов; под ред. Н. В. Новикова
|
| 210 |
|
|
|a Киев
|c Наукова думка
|d 1981
|
| 215 |
|
|
|a 78 с.
|c ил.
|
| 320 |
|
|
|a Библиогр.: с. 65-74
|
| 320 |
|
|
|a Предметный указатель: с. 75-76
|
| 606 |
1 |
|
|a Алмазы
|x Минералогия
|2 stltpush
|3 (RuTPU)RU\TPU\subj\72273
|9 85837
|
| 610 |
1 |
|
|a модификация
|
| 610 |
1 |
|
|a классификация
|
| 610 |
1 |
|
|a характеристики
|
| 610 |
1 |
|
|a оптические свойства
|
| 610 |
1 |
|
|a химические свойства
|
| 610 |
1 |
|
|a справочники
|
| 610 |
1 |
|
|a алмазы
|
| 675 |
|
|
|a 549.21(035)
|v 3
|
| 701 |
|
1 |
|a Федосеев
|b Д. Н.
|g Дмитрий Валерианович
|
| 701 |
|
1 |
|a Новиков
|b Н. В.
|g Николай Васильевич
|
| 701 |
|
1 |
|a Вишневский
|b А. С.
|g Анатолий Семенович
|
| 701 |
|
1 |
|a Теремецкая
|b И. Г.
|g Ирина Георгиевна
|
| 702 |
|
1 |
|a Новиков
|b Н. В.
|4 340
|
| 712 |
0 |
2 |
|a Академия наук Украинской ССР (АН УССР)
|b Институт сверхтвердых материалов (ИСМ)
|c (Киев)
|2 stltpush
|3 (RuTPU)RU\TPU\col\2641
|
| 801 |
|
1 |
|a RU
|b 63413507
|c 20051129
|g PSBO
|
| 801 |
|
2 |
|a RU
|b 63413507
|c 20220803
|g PSBO
|
| 942 |
|
|
|c BK
|